Регионална библиотека "Любен Каравелов" - Русе

Малки трактати (Запис номер 105969)

MARC детайли
000 -Лидер
Контролно поле с фиксирана дължина 01339nam a2200349 c 4500
003 - Код на организацията, давaща контролен номер
Контролно поле BLK
005 - Дата и час на последна редакция
Контролно поле 20231016154601.0
008 - Елементи от данни с фиксирана дължина
fixed length control field 180409b bul|||||r ||||||| ||bul||
010 ## - Наследен системен номер
LC control number KNG00111221000
020 ## - Международен стандартен номер на книга ISBN
Международен стандартен номер на книга ISBN 954-607-556-6
-- издат.: ЛИК
040 ## - Източник на каталожния запис
Идентификатор на билиотеката - собственик на записа BLK
041 ## - Код за език
Код за езика на текст/звукозапис или на отделно заглавие Български
Код за езика КДБФ Български
080 ## - УДК
Текстов определител УДК Платонизъм. Неоплатонизъм
УДК код - определител по УДК 141.131
УДК определител
УДК - код + определител 141.131
100 1# - Редна дума - Автор
Автор Фичино, Марсилио
Авторска отговорност първи автор
R(LIN) 134302
139 ## - Редно поле
Редна дума Фичино, Марсилио
Авторски знак Фич - Ф 58
245 10 - Сведения за заглавието
Заглавие Малки трактати
Редно поле (дума) Марсилио Фичино; прев. от лат. Цочо Бояджиев.
257 ## - Страна на издаване
Страна на създаване/издаване Италия
260 ## - Област на издателските данни
-- София
Име на издателя, разпространителя и проч. ЛИК
Година на издаване 2002
300 ## - Физическа характеристика
Страници 88 с.
Размери/Мащаб 20 см
380 ## - Жанр
Жанр Религия. Теология
490 1# - СЕРИИ (Колекции)
-- Подсерия
Име на серия Series Nova
№: серия № 9
500 ## - Общи забележки
Забележка Прев. по Traktate zur platonischen Philosophie / Marsilio Ficino. - Офс. изд. - Библиогр. под линия.
650 #4 - Допълнително описание по предмет – тема
Основно описание – тема или топоним Платонизъм
9 (RLIN) 166494
653 ## - Ключова дума – ненормативна
Ключова дума платонизъм
700 ## - Други автори (авторска отговорност)
Лично име Бояджиев, Цочо Христов
Дати, свързани с автора 1951-
9 (RLIN) 390210
852 ## - Местоположение
Форматна сигнатура Цб 218201
856 4# - Електронен адрес и достъп
Електронен формат pdf - файл
Път до файла /url/
856 4# - Електронен адрес и достъп
Електронен формат pdf - файл
Път до файла /url/
942 ## - АРТИКУЛИ
Вид на библиотечния материал Книги
Скрит в OPAC Не
944 ## - СЪЗДАВАНЕ И РЕДАКЦИЯ на ЗАПИСА
Създаване/Редакция Създаване
Дата на регистрацията/редакция 19.02.2004
Служител, извършил регистрацията/редакцията 30556
Статус, дата на статуса Теодора Пейчева-Дянкова
944 ## - СЪЗДАВАНЕ И РЕДАКЦИЯ на ЗАПИСА
Създаване/Редакция Редакция
Дата на регистрацията/редакция 15.03.2017
Служител, извършил регистрацията/редакцията Виолета_Тройчева
999 ## - СИСТЕМНИ КОНТРОЛНИ НОМЕРА
Koha biblionumber 105969
Koha biblioitemnumber 105969
Наличности
Код за отписване Код за изгубен артикул Код за повреда Коз за рестрикции Код за отдаване Артикулен № Име на библиотеката - собственик Име на библиотеката, в която се намира в момента Статус (Текущо местоположение) Дата на вписване в системата Местоположение - отдел Цена в лева Инвентарен номер Систематично азбучна сигнатура Баркод Номер на екземпляра Цена в евро Служебна бележка Служебен тип на артикула
  Не е изгубен Не е повреден без рестрикции ползва се в читалня 170983 Регионална библиотека "Любен Каравелов" Русе Регионална библиотека "Любен Каравелов" Русе Хранилище 2004-02-19 Хранилище 4.00 120000682897 Цб 218201 120000682897 1 2.05 Дост: Pk Вид: Д N: 13 Дата: 12.03.2003 Книги
Vip Innovations Ltd, Rousse, Bulgaria 2025